[Event "Barcelona La Lira op 14th"]
[Site "Barcelona"]
[Date "2023.05.04"]
[Round "3"]
[White "Rodriguez Guillen, Carlos"]
[Black "Paez Nunez, David"]
[Result "1/2-1/2"]
[WhiteElo "1740"]
[BlackElo "1601"]
[PlyCount "124"]
[EventDate "2023.04.20"]
[EventType "swiss"]
[EventRounds "9"]
[EventCountry "ESP"]
[SourceTitle "EXT 2024"]
[Source "ChessBase"]
[SourceDate "2023.10.10"]
[SourceVersion "1"]
[SourceVersionDate "2023.10.10"]
[SourceQuality "1"]

1. e4 e6 2. d4 d5 3. Nc3 dxe4 4. Nxe4 Bd7 5. Be2 Bc6 6. Bf3 Nd7 7. Bg5 Be7 8. Qd3 Bxg5 9. Nxg5 Qxg5 10. Bxc6 bxc6 11. Qf3 Qd5 12. Qg4 Ngf6 13. Qh3 Qxd4 14. c3 Qg4 15. Rd1 Qxh3 16. Nxh3 Ke7 17. Rd4 Rab8 18. b3 Rb5 19. 0-0 Rd5 20. Rc4 Ne5 21. Rb4 a5 22. Ra4 Rhd8 23. Nf4 Rd1 24. Rxa5 Rxf1+ 25. Kxf1 Nd3 26. Nh3 Ne4 27. Ra7 Rd7 28. c4 h6 29. f3 Nec5 30. Ke2 Nc1+ 31. Ke1 e5 32. Ra5 N1d3+ 33. Kf1 f5 34. Nf2 e4 35. Nxd3 exd3 36. Ke1 d2+ 37. Kd1 Ne6 38. Rxf5 Nd4 39. Re5+ Kf6 40. Re3 Nc2 41. Re2 Na3 42. Rxd2 Re7 43. Kc1 Re5 44. Kb2 Ra5 45. Rd7 Ra7 46. f4 g5 47. g3 g4 48. Rh7 Kg6 49. Re7 Kf6 50. Re5 Nc2 51. Kxc2 Rxa2+ 52. Kd3 Rxh2 53. Kd4 Rf2 54. Re3 Kf5 55. Kd3 Rb2 56. Kd4 Rf2 57. Re8 Rf3 58. Re5+ Kf6 59. Re3 Rf2 60. Ke4 Rf1 61. Rd3 Rf2 62. Rd8 Rf3 1/2-1/2

[Event "Barcelona Primavera La Lira op 11th"]
[Site "Barcelona"]
[Date "2018.05.17"]
[Round "6"]
[White "Rodriguez Guillen, Carlos"]
[Black "Febrero Perez, Lluis"]
[Result "1-0"]
[WhiteElo "1766"]
[BlackElo "1526"]
[PlyCount "39"]
[EventDate "2018.04.12"]
[EventType "swiss"]
[EventRounds "9"]
[EventCountry "ESP"]
[SourceTitle "CBM 184 Extra"]
[Source "ChessBase"]
[SourceDate "2018.06.28"]
[SourceVersion "1"]
[SourceVersionDate "2018.06.28"]
[SourceQuality "1"]

1. e4 e5 2. Nf3 Nc6 3. Bb5 Nge7 4. d4 exd4 5. Nxd4 Nxd4 6. Qxd4 c6 7. Bc4 b5 8. Bb3 Bb7 9. Nc3 Qb6 10. Qe5 c5 11. Be3 Qg6 12. Nxb5 f6 13. Nd6+ Kd8 14. Nxb7+ Ke8 15. Qc7 Nc6 16. 0-0-0 Be7 17. Qxd7+ Kf8 18. Qxc6 Re8 19. Nxc5 Bxc5 20. Bxc5+ 1-0

[Event "Barcelona Sant Marti op 7th"]
[Site "Barcelona"]
[Date "2018.03.01"]
[Round "8"]
[White "Fabregas Fontanet, Antonio"]
[Black "Rodriguez Guillen, Carlos"]
[Result "1/2-1/2"]
[WhiteElo "1930"]
[BlackElo "1721"]
[PlyCount "96"]
[EventDate "2018.01.11"]
[EventType "swiss"]
[EventRounds "9"]
[EventCountry "ESP"]
[SourceTitle "EXT 2019"]
[Source "ChessBase"]
[SourceDate "2018.10.10"]
[SourceVersion "1"]
[SourceVersionDate "2018.10.10"]
[SourceQuality "1"]

1. e4 e6 2. d4 d5 3. e5 c5 4. c3 Nc6 5. Nf3 Qb6 6. Bd3 cxd4 7. cxd4 Bd7 8. 0-0 Nxd4 9. Nxd4 Qxd4 10. Nc3 a6 11. Be3 Qxe5 12. Re1 Nf6 13. f4 Qc7 14. Na4 Bxa4 15. Qxa4+ Qc6 16. Qd4 Bd6 17. Rac1 Qd7 18. f5 e5 19. Bf4 0-0 20. Bxe5 Bxe5 21. Rxe5 Rfe8 22. h3 Rxe5 23. Qxe5 Rc8 24. Rd1 Qc7 25. Qe2 Re8 26. Qf2 Qe5 27. Rc1 Ne4 28. Qb6 Qxf5 29. Rf1 Qd7 30. Qe3 Qd6 31. Rc1 Qe5 32. b4 Nd6 33. Qxe5 Rxe5 34. Rc7 g6 35. Rd7 Re6 36. a4 Kf8 37. Bc2 Ke8 38. Rc7 Kd8 39. Rc5 Re5 40. Bb3 Re1+ 41. Kh2 Rb1 42. Rxd5 Rxb3 43. Rxd6+ Kc7 44. Rd4 Kc6 45. g4 g5 46. Kg2 Rb2+ 47. Kf3 Rb3+ 48. Kg2 Rb2+ 1/2-1/2

[Event "Barcelona Ideal Clave op 21st"]
[Site "Barcelona"]
[Date "2017.11.04"]
[Round "5"]
[White "Fernandez Diaz Mascort, Miguel"]
[Black "Rodriguez Guillen, Carlos"]
[Result "1-0"]
[WhiteElo "2075"]
[BlackElo "1752"]
[PlyCount "123"]
[EventDate "2017.09.30"]
[EventType "swiss"]
[EventRounds "8"]
[EventCountry "ESP"]
[SourceTitle "CBM 181 Extra"]
[Source "ChessBase"]
[SourceDate "2017.12.12"]
[SourceVersion "1"]
[SourceVersionDate "2017.12.12"]
[SourceQuality "1"]

1. c4 g6 2. e4 Bg7 3. Ne2 e5 4. d4 Nc6 5. dxe5 Nxe5 6. Ng3 b6 7. Be3 Bb7 8. Be2 Ne7 9. Nc3 0-0 10. Qc2 c5 11. f4 N5c6 12. Bf3 Nd4 13. Bxd4 Bxd4 14. Nge2 Bg7 15. 0-0 Nc6 16. e5 Nb4 17. Qd2 Bxf3 18. Rxf3 f6 19. a3 Nc6 20. Qd5+ Kh8 21. e6 Nd4 22. Nxd4 cxd4 23. Qxd4 dxe6 24. Qe4 Qd2 25. Rf2 Qd7 26. Rd1 Qe7 27. Re2 Qc5+ 28. Qd4 Qxd4+ 29. Rxd4 e5 30. Rd7 Rfd8 31. Rxd8+ Rxd8 32. fxe5 fxe5 33. Rc2 Rf8 34. g3 Kg8 35. Ne4 Bh6 36. Kg2 Be3 37. b4 Rc8 38. Kf3 Bd4 39. Nd2 Kf7 40. Ke4 Ke6 41. Nf3 Rd8 42. Ng5+ Ke7 43. Nxh7 Bg1 44. Ng5 Rd4+ 45. Kxe5 Rd3 46. Ke4 Rxa3 47. Nf3 Ra1 48. Rg2 Rc1 49. Kd3 Be3 50. Re2 Rb1 51. Rxe3+ Kd6 52. Kc3 Rc1+ 53. Kb3 Rb1+ 54. Ka3 Rc1 55. Rd3+ Ke6 56. Nd4+ Kf6 57. Rf3+ Kg5 58. c5 bxc5 59. bxc5 Kg4 60. Rf4+ Kh3 61. Rh4+ Kg2 62. c6 1-0

[Event "Barcelona Primavera La Lira op 9th"]
[Site "Barcelona"]
[Date "2016.04.28"]
[Round "4"]
[White "Rodriguez Guillen, Carlos"]
[Black "Garcia Riera, Josep"]
[Result "0-1"]
[WhiteElo "1742"]
[BlackElo "2011"]
[PlyCount "56"]
[EventDate "2016.04.07"]
[EventType "swiss"]
[EventRounds "9"]
[EventCountry "ESP"]
[SourceTitle "CBM 172 Extra"]
[Source "ChessBase"]
[SourceDate "2016.06.21"]
[SourceVersion "1"]
[SourceVersionDate "2016.06.21"]
[SourceQuality "1"]

1. e4 Nf6 2. e5 Nd5 3. d4 d6 4. Nf3 g6 5. Bc4 Nb6 6. Bb3 Bg7 7. a4 a6 8. Qe2 Nc6 9. 0-0 0-0 10. h3 d5 11. c3 h6 12. Re1 Be6 13. Na3 Qd7 14. Bf4 Rad8 15. Bc2 Nc4 16. b3 Nxa3 17. Rxa3 Rb8 18. Nh4 g5 19. Qd3 f5 20. exf6 Rxf6 21. Qh7+ Kf8 22. Ng6+ Rxg6 23. Qxg6 Bf7 24. Qh7 gxf4 25. Bf5 Qd6 26. Ra2 e5 27. dxe5 Nxe5 28. Rd2 Bg8 0-1

[Event "Barcelona Sant Marti op-B 5th"]
[Site "Barcelona"]
[Date "2016.02.25"]
[Round "7"]
[White "Rodriguez Guillen, Carlos"]
[Black "Subirana Santos, Marc"]
[Result "1-0"]
[WhiteElo "1724"]
[BlackElo "1701"]
[PlyCount "121"]
[EventDate "2016.01.14"]
[EventType "swiss"]
[EventRounds "9"]
[EventCountry "ESP"]
[SourceTitle "EXT 2017"]
[Source "ChessBase"]
[SourceDate "2016.10.25"]
[SourceVersion "1"]
[SourceVersionDate "2016.10.25"]
[SourceQuality "1"]

1. e4 g6 2. d4 Bg7 3. Nc3 a6 4. f4 d6 5. Nf3 b5 6. Bd3 Bb7 7. 0-0 e6 8. e5 Ne7 9. Be4 Bxe4 10. Nxe4 0-0 11. Be3 Nf5 12. Bf2 d5 13. Ng3 Nxg3 14. Bxg3 Nd7 15. h4 c5 16. c3 cxd4 17. cxd4 Rc8 18. h5 Nb6 19. b3 Rc6 20. hxg6 hxg6 21. Rc1 Rxc1 22. Qxc1 Qc8 23. Nh2 f5 24. Nf3 Bh6 25. Bh4 Qxc1 26. Rxc1 Rc8 27. Rxc8+ Nxc8 28. Bg5 Bf8 29. Bf6 Be7 30. Bxe7 Nxe7 31. Ng5 Nc6 32. Nxe6 Kf7 33. Ng5+ Ke7 34. Nf3 Nb4 35. a4 Nd3 36. axb5 axb5 37. g3 Nc1 38. Nd2 Ne2+ 39. Kf2 Nxd4 40. Ke3 Nc6 41. Nf3 Na5 42. Nd4 b4 43. Kf3 Nb7 44. g4 fxg4+ 45. Kxg4 Nc5 46. Kg5 Kf7 47. Kg4 Kg7 48. f5 gxf5+ 49. Kxf5 Kf7 50. e6+ Ke7 51. Ke5 Nd3+ 52. Kxd5 Nf4+ 53. Ke5 Nd3+ 54. Kf5 Nc5 55. Nc6+ Kd6 56. e7 Kd7 57. Kf6 Ke8 58. Nxb4 Nd7+ 59. Ke6 Nb6 60. Nd5 Na8 61. Nf6# 1-0

[Event "Barcelona Sant Marti op-B 5th"]
[Site "Barcelona"]
[Date "2016.02.18"]
[Round "6"]
[White "Ani, Virgil"]
[Black "Rodriguez Guillen, Carlos"]
[Result "0-1"]
[WhiteElo "1597"]
[BlackElo "1724"]
[PlyCount "112"]
[EventDate "2016.01.14"]
[EventType "swiss"]
[EventRounds "9"]
[EventCountry "ESP"]
[SourceTitle "EXT 2017"]
[Source "ChessBase"]
[SourceDate "2016.10.25"]
[SourceVersion "1"]
[SourceVersionDate "2016.10.25"]
[SourceQuality "1"]

1. Nf3 Nf6 2. c4 g6 3. Nc3 Bg7 4. g3 0-0 5. Bg2 d6 6. 0-0 c6 7. Re1 e5 8. d3 Re8 9. e4 Nbd7 10. Bg5 h6 11. Be3 Ng4 12. Bd2 Qb6 13. Re2 Qxb2 14. Rb1 Qa3 15. Rb3 Qa5 16. Nd5 Qd8 17. Ne3 Nc5 18. Rc3 Nf6 19. Bc1 Ne6 20. Nc2 Nh7 21. Bd2 Bf6 22. Qc1 Neg5 23. Ne3 Kg7 24. Kf1 Bh3 25. Bxh3 Nxf3 26. Kg2 Nd4 27. Re1 Bg5 28. Ng4 Bxd2 29. Qxd2 Ng5 30. f4 Ngf3 31. Qe3 Nxe1+ 32. Kf1 h5 33. Kxe1 hxg4 34. Bxg4 Qb6 35. Qc1 Rh8 36. h4 exf4 37. Qxf4 Qb1+ 38. Bd1 Qb4 39. Qd2 Rae8 40. a3 Qa5 41. Kf2 Qe5 42. Rc1 Qf6+ 43. Kg2 Re5 44. Qf2 Qxf2+ 45. Kxf2 f5 46. Ke3 Ne6 47. Rb1 Nc5 48. Bc2 Re7 49. d4 Nxe4 50. Bxe4 fxe4 51. Rf1 Rf8 52. Rf4 Rxf4 53. gxf4 Kh6 54. a4 d5 55. c5 Kh5 56. a5 Kxh4 0-1

[Event "Barcelona Sant Marti op-B 5th"]
[Site "Barcelona"]
[Date "2016.01.14"]
[Round "1"]
[White "Rodriguez Guillen, Carlos"]
[Black "Tortosa Moros, Joan"]
[Result "0-1"]
[WhiteElo "1724"]
[BlackElo "1756"]
[PlyCount "96"]
[EventDate "2016.01.14"]
[EventType "swiss"]
[EventRounds "9"]
[EventCountry "ESP"]
[SourceTitle "EXT 2017"]
[Source "ChessBase"]
[SourceDate "2016.10.25"]
[SourceVersion "1"]
[SourceVersionDate "2016.10.25"]
[SourceQuality "1"]

1. e4 c5 2. Nf3 Nc6 3. d4 cxd4 4. Nxd4 g6 5. Nc3 Bg7 6. Be3 Nf6 7. Bc4 Qa5 8. 0-0 0-0 9. h3 a6 10. Bb3 b5 11. a3 Bb7 12. Nxc6 dxc6 13. e5 Rad8 14. Qf3 Nd5 15. Nxd5 cxd5 16. Bd4 Qc7 17. Qe3 Rc8 18. e6 f6 19. Rad1 Qd6 20. Rfe1 Qc6 21. Rd3 a5 22. Rc3 Qa6 23. Rxc8 Rxc8 24. Re2 a4 25. Ba2 Qc6 26. Qc3 Qd6 27. Qf3 b4 28. axb4 Qxb4 29. Bxd5 Qxd4 30. Bxb7 Qd1+ 31. Kh2 Rxc2 32. Rxc2 Qxc2 33. Qa3 Qc7+ 34. g3 Qxb7 35. Qxa4 Qc8 36. Qd7 Qf8 37. b4 f5 38. b5 f4 39. g4 f3 40. Qc7 Bh6 41. Kg3 Bd2 42. b6 g5 43. h4 Bf4+ 44. Qxf4 Qxf4+ 45. Kh3 Qb4 46. h5 Qxb6 47. Kg3 Qb3 48. Kh2 Qd1 0-1